Tourism impacts, planning and management.

Saved in:
Bibliographic Details
Main Author: Mason, Peter, 1951- (Author)
Format: Book
Language:English
Published: Abingdon, Oxon, UK ; New York, NY, USA : Routledge, 2016.
Edition:Third edition.
Subjects:
Tags: Add Tag
No Tags, Be the first to tag this record!

MARC

LEADER 00000cam a2200000 i 4500
001 18617076
003 CL-VaPUC
005 20250407202459.0
008 150514s2015 enk b 001 0 eng
999 |c 447551  |d 447549 
010 |a  2015012738 
020 |a 9781138016293 (pbk.) 
040 |a DLC  |b eng  |c Pontificia Universidad Católica de Valparaíso  |e rda  |d DLC 
042 |a pcc 
050 0 0 |a G155.A1  |b M344 2016 
082 0 0 |a 910.68 MAS 2016  |2 23 
100 1 |a Mason, Peter,  |d 1951-  |e author  |9 897358 
245 1 0 |a Tourism impacts, planning and management. 
250 |a Third edition. 
264 1 |a Abingdon, Oxon, UK ;  |a New York, NY, USA :  |b Routledge,  |c 2016. 
300 |a xvii, 253 paginas. 
500 |a c.1. Instituto Arcos 8-1-2025. 
504 |a Includes bibliographical references and index. 
583 |c 20250321  |k GC 
650 0 |a Turismo   |x Gestión   |9 897330 
942 |2 ddc  |c BK  |n 0 
952 |0 0  |1 0  |2 ddc  |4 0  |6 910_680000000000000_MAS_2016  |7 0  |8 A  |9 601723  |a BIBINC  |b BIBINC  |d 2025-03-21  |e Instituto Arcos  |i 5666619  |o 910.68 MAS 2016  |p 5666619  |r 2025-03-21  |t 1  |w 2025-03-21  |y BK  |k IFP